NCAA Tournament Teams 2014 - Statistics

General Stats
  • This quiz has been taken 4,746 times
  • The average score is 36 of 68
Answer Stats
Region Seed Team % Correct
South 1 Florida
93%
Midwest 3 Duke
92%
Midwest 2 Michigan
91%
Midwest 8 Kentucky
89%
South 2 Kansas
87%
East 4 Michigan State
87%
West 1 Arizona
85%
East 6 North Carolina
85%
South 4 UCLA
80%
South 6 Ohio State
79%
Midwest 7 Texas
79%
East 1 Virginia
78%
West 2 Wisconsin
78%
Midwest 4 Louisville
77%
East 7 UConn
75%
South 3 Syracuse
74%
Midwest 1 Wichita State
74%
West 5 Oklahoma
73%
Midwest 11 Iowa
72%
West 7 Oregon
70%
Midwest 11 Tennessee
69%
East 2 Villanova
66%
Midwest 12 NC State
65%
West 9 Oklahoma State
65%
Midwest 9 Kansas State
63%
East 12 Harvard
62%
East 3 Iowa State
62%
West 8 Gonzaga
59%
Midwest 10 Arizona State
58%
West 6 Baylor
58%
South 11 Dayton
57%
South 10 Stanford
57%
South 8 Colorado
55%
South 7 New Mexico
55%
South 9 Pittsburgh
55%
West 3 Creighton
52%
West 4 San Diego State
49%
East 5 Cincinnati
47%
South 5 VCU
47%
West 11 Nebraska
46%
West 10 BYU
44%
East 8 Memphis
44%
Midwest 6 UMass
41%
West 12 North Dakota State
40%
Midwest 14 Mercer
39%
West 13 New Mexico State
39%
Midwest 5 St Louis
38%
Midwest 12 Xavier
38%
South 16 Albany
36%
East 10 St Joseph's
33%
East 11 Providence
32%
South 12 Stephen F. Austin
32%
East 9 George Washington
28%
Midwest 16 Cal Poly
26%
East 13 Delaware
25%
Midwest 13 Manhattan
25%
West 15 American
24%
South 13 Tulsa
24%
East 16 Coastal Carolina
21%
South 14 Western Michigan
21%
South 15 Eastern Kentucky
20%
West 16 Weber State
20%
Midwest 15 Wofford
20%
East 15 Milwaukee
18%
South 16 Mount St Marys
17%
Midwest 16 Texas Southern
17%
West 14 Louisiana Lafayette
15%
East 14 NC Central
15%
No matching quizzes found
Score Distribution
Percent of People with Each Score
Percentile by Number Answered
Your Score History
You have not taken this quiz